Jesús el Mesías: trasfondo mesiánico judío y novedad cristiana en el evangelio de Mateo
Gorde:
| Egile nagusia: | |
|---|---|
| Formatua: | Liburua |
| Hizkuntza: | gaztelania |
| Argitaratua: |
Salamanca
Universidad Pontificia de Salamanca
2002
|
| Gaiak: | |
| Etiketak: |
Etiketa erantsi
Etiketarik gabe, Izan zaitez lehena erregistro honi etiketa jartzen!
|
MARC
| LEADER | 00000nam a2200000 a 4500 | ||
|---|---|---|---|
| 001 | UCL4317 | ||
| 003 | CL-VaPUC | ||
| 008 | 040109e20020000SP |||||||||||||||||spa|d | ||
| 082 | 0 | 4 | |a 226.2 |b CAL |2 21 |
| 100 | 0 | |a Caldevilla Portilla, Juan José |e author |9 481810 | |
| 245 | 1 | 0 | |a Jesús el Mesías: trasfondo mesiánico judío y novedad cristiana en el evangelio de Mateo |
| 300 | |a 74 p | ||
| 942 | |c BK | ||
| 945 | |d 20040109 00:00:00 |a cmena | ||
| 260 | |a Salamanca |b Universidad Pontificia de Salamanca |c 2002 | ||
| 500 | |a Extracto de la tesis presentada para la obtención del grado de Doctor | ||
| 600 | 0 | |a Mateo |9 315639 | |
| 600 | 0 | |a Jesucristo |9 481811 | |
| 650 | 0 | |a Evangelios |9 314864 | |
| 650 | 0 | |a Judaísmo |9 269348 | |
| 583 | |a last modification |c 20040109 00:00:00 |k Rodrigo Vera | ||
| 999 | |c 307192 |d 307190 | ||
| 952 | |0 0 |1 0 |4 0 |6 226_200000000000000_CAL_2002 |7 0 |8 A |9 372912 |a BIBTEO |b BIBTEO |d 2019-11-21 |i 3913724 |l 2 |o 226.2 CAL 2002 |p 3913724 |r 2025-04-07 |s 2025-03-31 |w 2019-11-21 |y BK |k ICR | ||